Tuyển văn xuôi Việt Nam Cuối thế kỷ XIX đầu thế kỷ XX

Giới thiệu các tác phẩm văn học cuối thế kỷ XIX đầu thế kỷ XX của các tác gia Việt Nam như: Nguyễn Thông, Nguyễn Hào, Trương Văn Chi, Vương Duy Trinh

Đã lưu trong:
Bibliografiske detaljer
Andre forfattere: Nguyễn Hào (Tác giả), Trương Văn Chi (Tác giả), Vương Duy Trinh (Tác giả), Phạm Đình Dục (Tác giả), Trần Tân Gia (Tác giả)
Format: Bog
Sprog:Vietnamese
Udgivet: H. Phụ nữ 1999
Fag:
Tags: Tilføj Tag
Ingen Tags, Vær først til at tagge denne postø!
Thư viện lưu trữ: Mạng thư viện Đại học Đà Nẵng
LEADER 01585nam a22004218a 4500
001 000015328
003 11705
005 20120525150508.0
008 120525s1999 b 000 0 od
020 |c 52000đ  |d 1000b 
041 0 |a 9908 
041 0 |a vie 
080 |a V13 
082 |a 895.922808  |b Tuy 
084 |a V6(1)5z43  |b T523ể 
245 1 0 |a Tuyển văn xuôi Việt Nam  |b Cuối thế kỷ XIX đầu thế kỷ XX  |c Phạm Minh Thảo, Phạm Ngọc Luật tuyển chọn, giới thiệu 
260 |a H.  |b Phụ nữ  |c 1999 
300 |a 638tr  |c 21cm 
500 |a Thư mục: tr. 633 
520 |a Giới thiệu các tác phẩm văn học cuối thế kỷ XIX đầu thế kỷ XX của các tác gia Việt Nam như: Nguyễn Thông, Nguyễn Hào, Trương Văn Chi, Vương Duy Trinh 
653 |a Văn xuôi 
653 |a Việt Nam 
653 |a văn học cận đại 
700 1 |a Nguyễn Hào  |e Tác giả 
700 1 |a Trương Văn Chi  |e Tác giả 
700 1 |a Vương Duy Trinh  |e Tác giả 
700 1 |a Phạm Đình Dục  |e Tác giả 
700 1 |a Trần Tân Gia  |e Tác giả 
OWN |a LSP 
AVA |a UDN50  |b LSP  |d 895.922808 Tuy  |e available  |t Error 5001 Not defined in file expand_doc_bib_avail.  |f 1  |g 0  |h N  |i 0  |k 1 
999 |a From the UDN01 
AVA |a UDN50  |b LSP  |d 895.922808 Tuy  |e available  |t Error 5001 Not defined in file expand_doc_bib_avail.  |f 1  |g 0  |h N  |i 0  |k 1 
TYP |a Monograph 
TYP |a Printed language 
980 |a Mạng thư viện Đại học Đà Nẵng